[Event "Karelian Winter amateur"]
[Site "Petrozavodsk"]
[Date "2013.12.14"]
[Round "4"]
[White "Puzyrevsky, Boris M"]
[Black "Loboda, Alexey M"]
[Result "1-0"]
[WhiteElo "1980"]
[BlackElo "1859"]
[PlyCount "144"]
[EventDate "2013.12.12"]
[EventType "swiss"]
[EventRounds "7"]
[EventCountry "RUS"]
[SourceTitle "EXT 2022"]
[Source "ChessBase"]
[SourceDate "2021.10.06"]
[SourceVersion "1"]
[SourceVersionDate "2021.10.06"]
[SourceQuality "1"]

1. e4 e6 2. d4 d5 3. Nc3 Nf6 4. Bg5 Be7 5. e5 Nfd7 6. h4 a6 7. Qg4 h5 8. Qg3 Bxg5 9. hxg5 g6 10. 0-0-0 c5 11. dxc5 Nxc5 12. Qe3 Qc7 13. g4 Nbd7 14. f4 b5 15. gxh5 Rxh5 16. Rxh5 gxh5 17. Bd3 b4 18. Nce2 b3 19. axb3 Nxb3+ 20. Kb1 Nbc5 21. g6 fxg6 22. Bxg6+ Kd8 23. Nf3 Qb6 24. Qa3 Rb8 25. f5 Nf8 26. Nfd4 exf5 27. Bxf5 Nfd7 28. Nc3 Bb7 29. Re1 Qc7 30. e6 Ne5 31. Rxe5 Qxe5 32. Qxc5 Rc8 33. e7+ Qxe7 34. Qxe7+ Kxe7 35. Bxc8 Bxc8 36. Nxd5+ Kd6 37. c4 Kc5 38. Nf3 Bg4 39. Ne5 Bf5+ 40. Kc1 Be6 41. Nf6 Kd4 42. Ng6 Bxc4 43. Nxh5 Ke3 44. Ngf4 Bf7 45. Kc2 Kf3 46. Kc3 Ke3 47. Kb4 Kd2 48. Nf6 Kc2 49. Ka3 Bc4 50. Ne4 Bb5 51. Nc5 Bc4 52. Ng6 Kd2 53. Ne5 Bb5 54. Nf7 Ke3 55. Nd6 Bf1 56. Kb4 Kd4 57. Ndb7 Kd5 58. Ka5 Kc6 59. b4 Kc7 60. Ka4 Bb5+ 61. Kb3 Kb6 62. Kc3 Bc6 63. Na5 Bb5 64. Nc4+ Ka7 65. Kd4 Bc6 66. Ke5 Bf3 67. Nd7 Kb7 68. Kd6 Be2 69. Na5+ Ka7 70. Kc7 Bb5 71. Nc6+ Bxc6 72. Kxc6 Ka8 1-0

[Event "Karelian Winter amateur"]
[Site "Petrozavodsk"]
[Date "2013.12.12"]
[Round "1"]
[White "Puzyrevsky, Boris M"]
[Black "Klestov, Sergey A"]
[Result "0-1"]
[WhiteElo "1980"]
[BlackElo "1823"]
[PlyCount "104"]
[EventDate "2013.12.12"]
[EventType "swiss"]
[EventRounds "7"]
[EventCountry "RUS"]
[SourceTitle "EXT 2022"]
[Source "ChessBase"]
[SourceDate "2021.10.06"]
[SourceVersion "1"]
[SourceVersionDate "2021.10.06"]
[SourceQuality "1"]

1. e4 e5 2. Nf3 Nf6 3. Nxe5 d6 4. Nf3 Nxe4 5. d4 d5 6. Bd3 Nc6 7. 0-0 Be7 8. c4 Nb4 9. cxd5 Nxd3 10. Qxd3 Qxd5 11. Nc3 Nxc3 12. bxc3 Bf5 13. Qe2 Be6 14. Re1 b5 15. Rb1 c6 16. Ne5 0-0 17. a3 Bd6 18. Bb2 Bxe5 19. Qxe5 Rfe8 20. Qg3 Bf5 21. Rbc1 Qb3 22. Ba1 Qxa3 23. h4 Bg6 24. Qf3 Re4 25. Rcd1 Rae8 26. Rxe4 Bxe4 27. Re1 Qxa1 28. Rxa1 Bxf3 29. gxf3 Re7 30. Ra6 Rc7 31. Kg2 f6 32. Kg3 Kf7 33. Kf4 Ke6 34. Ke4 f5+ 35. Kf4 g6 36. h5 gxh5 37. Kg5 h4 38. Kxh4 Kd5 39. Kg5 Kc4 40. Kxf5 Kxc3 41. Ke6 Kxd4 42. f4 b4 43. f5 b3 44. Ra1 b2 45. Rd1+ Kc3 46. f6 Kc2 47. Rh1 b1Q 48. Rxb1 Kxb1 49. f4 a5 50. f5 a4 51. f7 Rxf7 52. Kxf7 a3 0-1

[Event "Karelian Seniors"]
[Site "Petrozavodsk"]
[Date "2013.11.22"]
[Round "7"]
[White "Loboda, Alexey M"]
[Black "Puzyrevsky, Boris M"]
[Result "0-1"]
[WhiteElo "1859"]
[BlackElo "1980"]
[PlyCount "88"]
[EventDate "2013.11.16"]
[EventType "swiss"]
[EventRounds "7"]
[EventCountry "RUS"]
[SourceTitle "EXT 2022"]
[Source "ChessBase"]
[SourceDate "2021.10.06"]
[SourceVersion "1"]
[SourceVersionDate "2021.10.06"]
[SourceQuality "1"]

1. e4 c5 2. Nf3 d6 3. Bc4 Nf6 4. d3 Nc6 5. h3 e6 6. Nc3 Be7 7. a3 0-0 8. 0-0 a6 9. Nh2 b5 10. Ba2 d5 11. exd5 exd5 12. Ne2 Bb7 13. d4 c4 14. c3 a5 15. Bg5 Ne4 16. Bxe7 Qxe7 17. f3 Nf6 18. Bb1 Rfe8 19. Rf2 b4 20. axb4 axb4 21. Rxa8 Rxa8 22. Ng3 Re8 23. Re2 Qd8 24. Rxe8+ Qxe8 25. Qe2 Qb8 26. Nf5 bxc3 27. bxc3 Bc8 28. Qc2 g6 29. Ne3 h5 30. Nhf1 Ne7 31. Kf2 h4 32. Qc1 Qf4 33. Qa3 Qc7 34. Bc2 Kg7 35. Qb4 Nh5 36. Qb5 Be6 37. Qb4 Ng8 38. Qb5 Ngf6 39. Ng4 Bxg4 40. hxg4 Nf4 41. Ne3 Ne6 42. Nf1 Qf4 43. Ke2 Ng5 44. Ne3 h3 0-1

[Event "Karelian Seniors"]
[Site "Petrozavodsk"]
[Date "2013.11.21"]
[Round "6"]
[White "Puzyrevsky, Boris M"]
[Black "Lapsakov, Alexander S"]
[Result "1-0"]
[WhiteElo "1980"]
[BlackElo "1708"]
[PlyCount "61"]
[EventDate "2013.11.16"]
[EventType "swiss"]
[EventRounds "7"]
[EventCountry "RUS"]
[SourceTitle "EXT 2022"]
[Source "ChessBase"]
[SourceDate "2021.10.06"]
[SourceVersion "1"]
[SourceVersionDate "2021.10.06"]
[SourceQuality "1"]

1. e4 e5 2. Nf3 Nc6 3. Bb5 a6 4. Ba4 Nf6 5. Nc3 Bc5 6. 0-0 b5 7. Bb3 d6 8. d3 Na5 9. Bg5 Nxb3 10. axb3 h6 11. Bxf6 Qxf6 12. Nxb5 Bb6 13. Nc3 Be6 14. Nd2 h5 15. Nc4 Bg4 16. Qd2 Rh6 17. Nxb6 cxb6 18. Nd5 Qd8 19. f4 h4 20. h3 Bc8 21. d4 exf4 22. Qxf4 Be6 23. Rae1 Kf8 24. Ne3 Ra7 25. Nf5 Bxf5 26. Qxf5 Rf6 27. Qd5 Rxf1+ 28. Rxf1 Qe7 29. Rf4 g6 30. e5 dxe5 31. dxe5 1-0

[Event "Karelian Seniors"]
[Site "Petrozavodsk"]
[Date "2013.11.19"]
[Round "4"]
[White "Stebunov, Alexander A"]
[Black "Puzyrevsky, Boris M"]
[Result "0-1"]
[WhiteElo "1968"]
[BlackElo "1980"]
[PlyCount "48"]
[EventDate "2013.11.16"]
[EventType "swiss"]
[EventRounds "7"]
[EventCountry "RUS"]
[SourceTitle "EXT 2022"]
[Source "ChessBase"]
[SourceDate "2021.10.06"]
[SourceVersion "1"]
[SourceVersionDate "2021.10.06"]
[SourceQuality "1"]

1. e4 c5 2. Nf3 d6 3. d4 cxd4 4. Nxd4 Nf6 5. Nc3 g6 6. Be2 Bg7 7. Be3 0-0 8. Qd2 Ng4 9. Bxg4 Bxg4 10. f3 Bd7 11. h4 Nc6 12. 0-0-0 Ne5 13. b3 Rc8 14. h5 Qa5 15. Nb1 Qxa2 16. hxg6 fxg6 17. Bh6 Nxf3 18. gxf3 Bxd4 19. c3 Qxd2+ 20. Kxd2 Bg7 21. Ke3 Bc6 22. Rdg1 Rf7 23. Bg5 d5 24. exd5 Bxd5 0-1

[Event "Karelian Autumn"]
[Site "Petrozavodsk"]
[Date "2012.10.17"]
[Round "6"]
[White "Puzyrevsky, Boris M"]
[Black "Ivanov, Sergey A"]
[Result "0-1"]
[WhiteElo "1992"]
[BlackElo "2359"]
[PlyCount "80"]
[EventDate "2012.10.14"]
[EventType "swiss"]
[EventRounds "9"]
[EventCountry "RUS"]
[SourceTitle "EXT 2013"]
[Source "ChessBase"]
[SourceDate "2012.11.22"]
[SourceVersion "1"]
[SourceVersionDate "2012.11.22"]
[SourceQuality "1"]

1. e4 d5 2. exd5 Qxd5 3. Nc3 Qa5 4. d4 Nf6 5. Nf3 Bg4 6. h3 Bh5 7. g4 Bg6 8. Ne5 e6 9. Bg2 c6 10. Bd2 Qb6 11. Qe2 Qxd4 12. 0-0-0 Nbd7 13. Nxg6 hxg6 14. f4 Be7 15. Rhe1 Qc5 16. Be3 Qa5 17. g5 Nh5 18. Qc4 Rd8 19. Kb1 Qb4 20. Qf1 a6 21. Ne4 0-0 22. a3 Qa5 23. Bf3 Nb6 24. Bxb6 Qxb6 25. Ka2 Nxf4 26. h4 Qb5 27. Qf2 e5 28. Rh1 Rxd1 29. Bxd1 Qc4+ 30. Kb1 Qxe4 31. Bf3 Qf5 32. Qh2 Rd8 33. h5 Bxg5 34. hxg6 Nxg6 35. Qh7+ Kf8 36. Be2 Rd2 37. Bd3 e4 38. Rf1 Rf2 39. Rxf2 Qxf2 40. Bc4 Bh6 0-1

[Event "Karelia-ch 65th"]
[Site "Kondopoga"]
[Date "2012.02.25"]
[Round "8"]
[White "Puzyrevsky, Boris M"]
[Black "Vinogradov, Vladimir P"]
[Result "1/2-1/2"]
[WhiteElo "1993"]
[BlackElo "2085"]
[PlyCount "66"]
[EventDate "2012.02.21"]
[EventType "swiss"]
[EventRounds "9"]
[EventCountry "RUS"]
[SourceTitle "EXT 2013"]
[Source "ChessBase"]
[SourceDate "2012.11.22"]
[SourceVersion "1"]
[SourceVersionDate "2012.11.22"]
[SourceQuality "1"]

1. e4 e5 2. Nf3 Nc6 3. Bb5 a6 4. Ba4 Nf6 5. d4 exd4 6. 0-0 Be7 7. Re1 0-0 8. e5 Ne8 9. Nxd4 Nxd4 10. Qxd4 d6 11. Nc3 Be6 12. Bb3 Bxb3 13. axb3 dxe5 14. Qxe5 Bd6 15. Qe4 c6 16. Bf4 Nf6 17. Qf3 Bxf4 18. Qxf4 Re8 19. Rxe8+ Qxe8 20. Qb4 Qd7 21. Rd1 Re8 22. h3 Qc7 23. Qc4 h6 24. Qd3 Qe5 25. Qg3 Qxg3 26. fxg3 Kf8 27. Kf2 Ne4+ 28. Nxe4 Rxe4 29. Rd7 Re7 30. Rd8+ Re8 31. Rd7 Re7 32. Rd8+ Re8 33. Rd7 Re7 1/2-1/2

[Event "Karelia-ch 65th"]
[Site "Kondopoga"]
[Date "2012.02.24"]
[Round "6"]
[White "Puzyrevsky, Boris M"]
[Black "Gromov, Leonid"]
[Result "1-0"]
[WhiteElo "1993"]
[BlackElo "1750"]
[PlyCount "31"]
[EventDate "2012.02.21"]
[EventType "swiss"]
[EventRounds "9"]
[EventCountry "RUS"]
[SourceTitle "EXT 2013"]
[Source "ChessBase"]
[SourceDate "2012.11.22"]
[SourceVersion "1"]
[SourceVersionDate "2012.11.22"]
[SourceQuality "1"]

1. e4 e6 2. d4 d5 3. Nc3 Bb4 4. e5 c5 5. a3 Bxc3+ 6. bxc3 Ne7 7. Bd3 Nbc6 8. Nf3 0-0 9. Bxh7+ Kxh7 10. Ng5+ Kg6 11. Qg4 f5 12. Qg3 f4 13. Qg4 Kh6 14. Qh4+ Kg6 15. Qh7+ Kxg5 16. h4+ 1-0

[Event "Karelia-ch 65th"]
[Site "Kondopoga"]
[Date "2012.02.23"]
[Round "5"]
[White "Gudkov, Grigory O"]
[Black "Puzyrevsky, Boris M"]
[Result "0-1"]
[WhiteElo "1884"]
[BlackElo "1993"]
[PlyCount "118"]
[EventDate "2012.02.21"]
[EventType "swiss"]
[EventRounds "9"]
[EventCountry "RUS"]
[SourceTitle "EXT 2013"]
[Source "ChessBase"]
[SourceDate "2012.11.22"]
[SourceVersion "1"]
[SourceVersionDate "2012.11.22"]
[SourceQuality "1"]

1. e4 c5 2. Nf3 d6 3. d4 cxd4 4. Nxd4 Nf6 5. Nc3 g6 6. Be2 Bg7 7. 0-0 0-0 8. Kh1 Nc6 9. Nb3 a5 10. a4 Be6 11. f4 Nb4 12. Nd4 Bd7 13. Bf3 e5 14. Ndb5 Bc6 15. Qe2 Qe7 16. Re1 Rfe8 17. fxe5 dxe5 18. Be3 Red8 19. Bb6 Rdc8 20. Na3 Nd7 21. Be3 Rab8 22. Rad1 Nc5 23. b3 b6 24. Nc4 Qc7 25. Nd6 Rd8 26. Ncb5 Qe7 27. Na3 Ne6 28. Ndb5 Nd4 29. Nxd4 exd4 30. Bf4 Rbc8 31. Nc4 Qc5 32. Bg4 Bd7 33. Bd6 Bxg4 34. Qxg4 Qh5 35. Qxh5 gxh5 36. Bxb4 axb4 37. Re2 Rb8 38. Rd3 b5 39. axb5 Rxb5 40. Rf3 Rb7 41. Ref2 Re7 42. Re2 Rde8 43. Nd6 Ra8 44. g3 Rc7 45. Kg2 Rc3 46. Rxc3 bxc3 47. Nf5 Ra2 48. Rf2 d3 49. Ne3 Bd4 50. Kf3 d2 51. Rf1 Bxe3 52. Kxe3 Rxc2 53. Rd1 Rc1 54. Ke2 Kf8 55. e5 Ke7 56. h3 Ke6 57. g4 Kxe5 58. g5 Kd4 59. g6 hxg6 0-1

[Event "Karelia-ch 65th"]
[Site "Kondopoga"]
[Date "2012.02.21"]
[Round "1"]
[White "Puzyrevsky, Boris M"]
[Black "Sklyarov, Dmitry V"]
[Result "0-1"]
[WhiteElo "2426"]
[BlackElo "1993"]
[PlyCount "100"]
[EventDate "2012.02.21"]
[EventType "swiss"]
[EventRounds "9"]
[EventCountry "RUS"]
[SourceTitle "EXT 2013"]
[Source "ChessBase"]
[SourceDate "2012.11.22"]
[SourceVersion "1"]
[SourceVersionDate "2012.11.22"]
[SourceQuality "1"]

1. e4 d5 2. exd5 Nf6 3. d4 Nxd5 4. Nf3 Bg4 5. h3 Bh5 6. Be2 e6 7. 0-0 Be7 8. Ne5 Bxe2 9. Qxe2 0-0 10. c4 Nb6 11. Be3 N8d7 12. Nc3 Nxe5 13. dxe5 Qd7 14. Rac1 Qc6 15. Qg4 Rfd8 16. Ne4 Nd7 17. Bd4 Nc5 18. Ng3 g6 19. Nh5 Rxd4 20. Qxd4 gxh5 21. Qd1 Kh8 22. Qxh5 Rg8 23. g3 Nd3 24. Rc3 Qe4 25. Kh2 Rg6 26. f4 Bb4 27. Rb3 Be1 28. Qf3 Bxg3+ 29. Kh1 Qxf3+ 30. Rxf3 Nf2+ 31. Kg2 Bh4+ 32. Kf1 Ne4 33. Rbd3 Nc5 34. Ra3 Na6 35. Rfb3 Be7 36. Ra5 Nc5 37. Rbb5 c6 38. Rxb7 Nxb7 39. Rxa7 Rg1+ 40. Ke2 Rg2+ 41. Kd3 Rxb2 42. Ra8+ Kg7 43. a4 Bb4 44. Rc8 c5 45. Rc7 Na5 46. f5 Rd2+ 47. Ke4 exf5+ 48. Kxf5 Rf2+ 49. Ke4 Re2+ 50. Kd5 Rd2+ 0-1

[Event "St Petersburg-ch Seniors"]
[Site "St Petersburg"]
[Date "2012.01.28"]
[Round "1"]
[White "Melkonyan, Leonard"]
[Black "Puzyrevsky, Boris M"]
[Result "1-0"]
[WhiteElo "2218"]
[BlackElo "1993"]
[PlyCount "88"]
[EventDate "2012.01.27"]
[EventType "swiss"]
[EventRounds "9"]
[EventCountry "RUS"]
[SourceTitle "EXT 2013"]
[Source "ChessBase"]
[SourceDate "2012.11.22"]
[SourceVersion "1"]
[SourceVersionDate "2012.11.22"]
[SourceQuality "1"]

1. d4 Nf6 2. c4 g6 3. Nc3 d5 4. Nf3 Bg7 5. Bg5 Ne4 6. Bh4 Nxc3 7. bxc3 c5 8. cxd5 Qxd5 9. e3 cxd4 10. cxd4 Nc6 11. Be2 0-0 12. 0-0 Bf5 13. Nd2 Bd7 14. Bf3 Qd6 15. Ne4 Qa3 16. Nc5 Bc8 17. Bxc6 bxc6 18. Bxe7 Re8 19. Bd6 Rd8 20. Bc7 Rd5 21. Qb3 Qxb3 22. axb3 Rxc5 23. dxc5 Bxa1 24. Rxa1 Be6 25. b4 Bc4 26. e4 a6 27. Rd1 Rc8 28. Rd7 Be6 29. Re7 g5 30. f3 Kg7 31. Kf2 Kf6 32. Bd6 Ra8 33. Rc7 Rc8 34. Ra7 Bc4 35. Ke3 h5 36. Kd4 Bb5 37. g3 Re8 38. f4 gxf4 39. gxf4 Rg8 40. Be5+ Kg6 41. f5+ Kg5 42. Rxf7 Ra8 43. Rg7+ Kh6 44. f6 h4 1-0

[Event "Karelia-ch Seniors"]
[Site "Petrozavodsk"]
[Date "2011.11.19"]
[Round "1"]
[White "Puzyrevsky, Boris M"]
[Black "Vikulin, Alexander A"]
[Result "1-0"]
[WhiteElo "1980"]
[BlackElo "1691"]
[PlyCount "71"]
[EventDate "2011.11.19"]
[EventType "swiss"]
[EventRounds "7"]
[EventCountry "RUS"]
[SourceTitle "EXT 2022"]
[Source "ChessBase"]
[SourceDate "2021.10.06"]
[SourceVersion "1"]
[SourceVersionDate "2021.10.06"]
[SourceQuality "1"]

1. e4 c5 2. Nf3 e6 3. d4 cxd4 4. Nxd4 Nf6 5. Nc3 Nc6 6. Be2 a6 7. Nxc6 bxc6 8. e5 Nd5 9. Ne4 Qa5+ 10. Bd2 Qc7 11. f4 Be7 12. c4 Nb4 13. a3 Rb8 14. axb4 Bxb4 15. Bxb4 Rxb4 16. Nd6+ Kf8 17. Nxc8 d5 18. Nd6 Qb6 19. Rb1 g6 20. Qc2 Kg7 21. c5 Qa5 22. 0-0 Rhb8 23. f5 exf5 24. b3 Rd4 25. Ra1 Qb4 26. Ra4 Qd2 27. Qxd2 Rxd2 28. Bd1 Ra8 29. b4 Rb2 30. Rf2 Rb1 31. Rd2 Ra7 32. Kf2 Re7 33. Rxa6 Rxb4 34. Rxc6 d4 35. Rb6 Rxb6 36. cxb6 1-0

[Event "Karelian Autumn"]
[Site "Petrozavodsk"]
[Date "2011.10.13"]
[Round "7"]
[White "Viushin, Dmitry A"]
[Black "Puzyrevsky, Boris M"]
[Result "1-0"]
[WhiteElo "2043"]
[BlackElo "1966"]
[PlyCount "77"]
[EventDate "2011.10.08"]
[EventType "swiss"]
[EventRounds "9"]
[EventCountry "RUS"]
[SourceTitle "EXT 2012"]
[Source "ChessBase"]
[SourceDate "2011.11.24"]
[SourceVersion "1"]
[SourceVersionDate "2011.11.24"]
[SourceQuality "1"]

1. Nf3 d5 2. c4 d4 3. b4 f6 4. d3 e5 5. b5 c5 6. bxc6 Nxc6 7. g3 Bb4+ 8. Bd2 a5 9. Bg2 Qe7 10. 0-0 Bxd2 11. Nbxd2 Nh6 12. Rb1 0-0 13. Nb3 Nb4 14. Qd2 Nc6 15. Na1 Nf7 16. Nc2 Nfd8 17. e3 dxe3 18. Nxe3 Qd6 19. Nd5 Be6 20. Rb5 Nb4 21. a3 Nxd5 22. cxd5 Bxd5 23. Rxa5 Nc6 24. Rxa8 Rxa8 25. Qb2 Rxa3 26. Qxb7 Rxd3 27. Qc8+ Kf7 28. Ng5+ fxg5 29. Qf5+ Qf6 30. Qxd3 Bxg2 31. Kxg2 Nd4 32. Qe4 Qc6 33. Qxc6 Nxc6 34. Kf3 g6 35. Ke4 Ke6 36. Rb1 h5 37. Rb6 Kd6 38. Rxc6+ Kxc6 39. Kxe5 1-0

[Event "Karelian Autumn"]
[Site "Petrozavodsk"]
[Date "2011.10.12"]
[Round "6"]
[White "Puzyrevsky, Boris M"]
[Black "Toivonen, Alexander"]
[Result "0-1"]
[WhiteElo "1966"]
[BlackElo "2245"]
[PlyCount "54"]
[EventDate "2011.10.08"]
[EventType "swiss"]
[EventRounds "9"]
[EventCountry "RUS"]
[SourceTitle "EXT 2012"]
[Source "ChessBase"]
[SourceDate "2011.11.24"]
[SourceVersion "1"]
[SourceVersionDate "2011.11.24"]
[SourceQuality "1"]

1. e4 e5 2. Nf3 Nf6 3. Bc4 Nxe4 4. Nc3 Nf6 5. Nxe5 d5 6. Bb3 Bd6 7. d4 c6 8. 0-0 h6 9. a4 0-0 10. Bf4 Bf5 11. Bg3 Qc7 12. Re1 Re8 13. a5 Nbd7 14. Qf3 Bh7 15. Qe2 Re6 16. a6 b5 17. f4 Rae8 18. Qd2 b4 19. Nxd7 Qxd7 20. Rxe6 Rxe6 21. Na4 Ne4 22. Qd1 Qe8 23. c4 Nxg3 24. hxg3 Re2 25. Qf1 Qe3+ 26. Kh2 Be4 27. Ba2 Qd2 0-1

[Event "Karelian Autumn"]
[Site "Petrozavodsk"]
[Date "2011.10.09"]
[Round "3"]
[White "Gudkov, Grigory O"]
[Black "Puzyrevsky, Boris M"]
[Result "1/2-1/2"]
[WhiteElo "1811"]
[BlackElo "1966"]
[PlyCount "39"]
[EventDate "2011.10.08"]
[EventType "swiss"]
[EventRounds "9"]
[EventCountry "RUS"]
[SourceTitle "EXT 2012"]
[Source "ChessBase"]
[SourceDate "2011.11.24"]
[SourceVersion "1"]
[SourceVersionDate "2011.11.24"]
[SourceQuality "1"]

1. e4 c5 2. Nf3 d6 3. d4 cxd4 4. Nxd4 Nf6 5. Nc3 g6 6. Bc4 Bg7 7. 0-0 0-0 8. Kh1 Nc6 9. Nde2 Bd7 10. f4 Rc8 11. Bb3 Bg4 12. Be3 a6 13. a4 Na5 14. h3 Nxb3 15. cxb3 Bxe2 16. Qxe2 Rxc3 17. bxc3 Nxe4 18. Qf3 Nxc3 19. Rae1 d5 20. Bc5 1/2-1/2

[Event "Karelian op 10th"]
[Site "Petrozavodsk"]
[Date "2010.10.09"]
[Round "1"]
[White "Puzyrevsky, Boris M"]
[Black "Yaakkimainen, Vyaino R"]
[Result "1-0"]
[WhiteElo "1932"]
[BlackElo "2252"]
[PlyCount "51"]
[EventDate "2010.10.01"]
[EventType "swiss"]
[EventRounds "9"]
[EventCountry "RUS"]
[SourceTitle "EXT 2022"]
[Source "ChessBase"]
[SourceDate "2021.10.06"]
[SourceVersion "1"]
[SourceVersionDate "2021.10.06"]
[SourceQuality "1"]

1. e4 e5 2. Nf3 Nf6 3. Nxe5 d6 4. Nf3 Nxe4 5. d4 d5 6. Bd3 Be7 7. Nbd2 Bf5 8. 0-0 Nc6 9. Re1 Nxd2 10. Qxd2 Bxd3 11. Qxd3 0-0 12. Bf4 Qd7 13. Re2 Rae8 14. Rae1 Bf6 15. c3 Rxe2 16. Qxe2 a6 17. h3 Na7 18. Ne5 Qf5 19. Nd3 Qd7 20. Qg4 Qd8 21. Nc5 Re8 22. Rxe8+ Qxe8 23. Bxc7 Qe1+ 24. Kh2 Qxf2 25. Bb6 h5 26. Qg3 1-0

[Event "Karelia-ch 63rd"]
[Site "Petrozavodsk"]
[Date "2010.02.24"]
[Round "8"]
[White "Stebunov, Alexander A"]
[Black "Puzyrevsky, Boris M"]
[Result "0-1"]
[WhiteElo "1930"]
[BlackElo "1967"]
[PlyCount "90"]
[EventDate "2010.02.20"]
[EventType "swiss"]
[EventRounds "9"]
[EventCountry "RUS"]
[SourceTitle "CBM 135 Extra"]
[Source "ChessBase"]
[SourceDate "2010.05.04"]
[SourceVersion "1"]
[SourceVersionDate "2010.05.04"]
[SourceQuality "1"]

1. e4 c5 2. c3 d6 3. d4 Nf6 4. Bd3 Nc6 5. Ne2 e5 6. d5 Ne7 7. 0-0 Ng6 8. Na3 Be7 9. Nc4 b5 10. Ne3 c4 11. Bc2 Bd7 12. Ng3 Nh4 13. h3 h6 14. Nh5 g5 15. g3 Nxh5 16. Qxh5 Ng6 17. Nf5 Bxf5 18. exf5 Nf8 19. f4 Rg8 20. fxe5 dxe5 21. Qf3 Bc5+ 22. Kh2 Qd6 23. b4 cxb3 24. Bxb3 Nd7 25. Be3 Nf6 26. Bxc5 Qxc5 27. Rae1 e4 28. Qe3 Qxe3 29. Rxe3 Ke7 30. c4 bxc4 31. Bxc4 Rgc8 32. Bb3 Kd6 33. Rf2 Rc5 34. g4 Rac8 35. Rfe2 Rc3 36. Kg3 Ke5 37. Kf2 Rxe3 38. Kxe3 Rc3+ 39. Kd2 Rxh3 40. d6 Rd3+ 41. Kc2 Rxd6 42. Bxf7 Nxg4 43. Bg6 Kf4 44. Rd2 Ne3+ 45. Kc3 Rxd2 0-1

[Event "Karelia-ch 63rd"]
[Site "Petrozavodsk"]
[Date "2010.02.20"]
[Round "1"]
[White "Pimenov, Revolt"]
[Black "Puzyrevsky, Boris M"]
[Result "1-0"]
[WhiteElo "2241"]
[BlackElo "1967"]
[PlyCount "67"]
[EventDate "2010.02.20"]
[EventType "swiss"]
[EventRounds "9"]
[EventCountry "RUS"]
[SourceTitle "CBM 135 Extra"]
[Source "ChessBase"]
[SourceDate "2010.05.04"]
[SourceVersion "1"]
[SourceVersionDate "2010.05.04"]
[SourceQuality "1"]

1. c4 c5 2. Nf3 Nf6 3. d4 cxd4 4. Nxd4 Nc6 5. Nc3 g6 6. g3 Bg7 7. Bg2 0-0 8. 0-0 Nxd4 9. Qxd4 d6 10. Qd2 a6 11. b3 Rb8 12. Bb2 Bd7 13. a4 b5 14. cxb5 axb5 15. a5 b4 16. Nd1 d5 17. Ne3 e6 18. Ra2 Bb5 19. a6 Ra8 20. a7 Ne4 21. Qxb4 Bxb2 22. Rxb2 Qf6 23. Rc2 Bd7 24. Rc7 Rfd8 25. Bxe4 dxe4 26. Nc4 Qd4 27. e3 Qd3 28. Ne5 Qd5 29. Nxd7 Rxd7 30. Rxd7 Qxd7 31. Qb8+ Qc8 32. Qxc8+ Rxc8 33. b4 Kf8 34. b5 1-0

[Event "Karelian Winter op (4R)"]
[Site "Petrozavodsk"]
[Date "2009.12.19"]
[Round "2"]
[White "Dmitriev, Andrey V"]
[Black "Puzyrevsky, Boris M"]
[Result "1/2-1/2"]
[WhiteElo "1852"]
[BlackElo "1951"]
[PlyCount "120"]
[EventDate "2009.12.19"]
[EventType "swiss"]
[EventRounds "4"]
[EventCountry "RUS"]
[SourceTitle "EXT 2022"]
[Source "ChessBase"]
[SourceDate "2021.10.06"]
[SourceVersion "1"]
[SourceVersionDate "2021.10.06"]
[SourceQuality "1"]

1. e4 c5 2. Nf3 d6 3. d4 cxd4 4. Nxd4 Nf6 5. Nc3 g6 6. Be3 Bg7 7. f3 0-0 8. Qd2 Nc6 9. Bc4 Bd7 10. Bb3 Rc8 11. 0-0-0 Ne5 12. Kb1 Nc4 13. Bxc4 Rxc4 14. g4 Re8 15. h4 h5 16. g5 Nh7 17. Nde2 Qa5 18. Bd4 Nf8 19. Bxg7 Kxg7 20. Nd5 Qxd2 21. Rxd2 Be6 22. b3 Rc5 23. Nef4 Nd7 24. Nxe6+ fxe6 25. Nf4 Kf7 26. Nd3 Rc7 27. c4 Nc5 28. Nb4 a5 29. Nc2 e5 30. Ne3 Rc6 31. Nd5 Ke6 32. Nc3 Rf8 33. Rh3 Kd7 34. Kb2 Ne6 35. Ne2 Nf4 36. Nxf4 Rxf4 37. Rd5 a4 38. Rb5 Kc7 39. Ra5 axb3 40. axb3 Ra6 41. Rxa6 bxa6 42. b4 Kc6 43. Kb3 e6 44. Ka4 Kb6 45. Rh1 Rxf3 46. Rd1 Kc7 47. b5 axb5+ 48. cxb5 Re3 49. Rc1+ Kb7 50. Rc4 d5 51. exd5 exd5 52. Rc6 d4 53. Rxg6 d3 54. Ka5 Re1 55. Rg7+ Kc8 56. Rg8+ Kd7 57. Rg7+ Kd6 58. Rg8 Kc5 59. Rc8+ Kd4 60. g6 Rg1 1/2-1/2

[Event "Karelian Autumn op-B"]
[Site "Petrozavodsk"]
[Date "2009.10.13"]
[Round "5"]
[White "Puzyrevsky, Boris M"]
[Black "Khludnev, Kirill"]
[Result "1-0"]
[WhiteElo "1921"]
[BlackElo "2066"]
[PlyCount "137"]
[EventDate "2009.10.10"]
[EventType "swiss"]
[EventRounds "9"]
[EventCountry "RUS"]
[SourceTitle "EXT 2022"]
[Source "ChessBase"]
[SourceDate "2021.10.06"]
[SourceVersion "1"]
[SourceVersionDate "2021.10.06"]
[SourceQuality "1"]

1. e4 d6 2. d4 e5 3. Ne2 Nd7 4. Nbc3 g6 5. Be3 Bg7 6. Qd2 Ngf6 7. f3 0-0 8. 0-0-0 a6 9. g4 exd4 10. Bxd4 c5 11. Be3 Ne5 12. Ng1 Ne8 13. Bxc5 Qa5 14. Bd4 b5 15. Kb1 b4 16. Nd5 Rb8 17. h3 Be6 18. f4 Bxd5 19. exd5 Nd7 20. Bxg7 Nxg7 21. Bc4 Rfc8 22. Bb3 Nc5 23. Ne2 Ne8 24. Nd4 Nxb3 25. Nxb3 Qb5 26. Qd3 Nf6 27. g5 Nd7 28. h4 Rc4 29. h5 Rxf4 30. hxg6 Qxd3 31. gxf7+ Rxf7 32. Rxd3 Rbf8 33. Nd4 Nc5 34. Rdd1 Ne4 35. Rhg1 Rf2 36. g6 Rh2 37. gxh7+ Kxh7 38. Rh1 Rff2 39. Rxh2+ Rxh2 40. Nc6 Nd2+ 41. Kc1 Nc4 42. Re1 a5 43. b3 Na3 44. Re7+ Kg8 45. Re6 Rxc2+ 46. Kd1 Rc5 47. Rxd6 Nb5 48. Rd8+ Kg7 49. Kd2 Nc3 50. Kd3 Nxd5 51. Kd4 Rxc6 52. Rxd5 a4 53. Rc5 axb3 54. axb3 Re6 55. Kc4 Kf7 56. Kxb4 Ke7 57. Rd5 Rc6 58. Kb5 Rc1 59. b4 Rb1 60. Ka5 Ke6 61. Rd2 Ra1+ 62. Kb6 Rb1 63. b5 Rc1 64. Kb7 Rc4 65. b6 Ra4 66. Kb8 Rc4 67. b7 Ke7 68. Rd5 Ke6 69. Ra5 1-0